Nozokomiálne infekcie stále aktuálne druhý zjazd Mikrobiologicko-epidemiologickej spoločnosti SLS

Bibliographic Details
Main Author: Bazovská, Sylvia, 1938- (Author)
Format: Article
Language:Slovak
ISSN:1335-4477
Subjects:

MARC

LEADER 00000nab a2200000 a 4500
001 vtls000750252
003 SK-MaSNL
005 20260302192612.0
008 140303c2001 xo 0 slo
015 |a SNBRB2001/03-08013 
035 |a CLN000102053 
040 |a SNKBUCL  |b slo  |c SNKBUCL  |e AACR2 
041 0 |a slo 
044 |a xo  |c SK 
080 |a 616:061.22(437.6)  |2 1997 
080 |a 579.61:061.22(437.6)  |2 1997 
100 1 |a Bazovská, Sylvia,  |d 1938-  |4 aut  |9 39666 
245 1 0 |a Nozokomiálne infekcie stále aktuálne  |b druhý zjazd Mikrobiologicko-epidemiologickej spoločnosti SLS  |c Sylvia Bazovská 
610 7 |a Mikrobiologicko-epidemiologická spoločnosť (Slovensko)  |b Zjazd  |d 2000  |2 snkbucl  |9 910012 
655 7 |a články z novín a časopisov  |2 snkbucl  |9 267496 
773 0 |t Zdravotnícke noviny  |g Roč. 6, č. 1 (2001), s. 7  |x 1335-4477 
850 |a Slovenská národná knižnica v Martine 
852 |a SNK  |b KIS3GCP 
958 |a MI 
958 |a SK 
992 |a RBX 
999 |c 1441365  |d 1443295